=LDR 00000nam 2200000 4500 =001 INLIS000000000025690 =005 20130612124200 =008 ***********************************Ind** =035 ##$$0010-061300000025690 =041 ##$$a Ind =082 ##$$a 639 =090 ##$$a 639, Uta b =100 ##$$a Utantoro Agus =245 ##$$a Budidaya ikan, Petunjuk peraktis beternak ikan air tawar, Agus Utantoro =260 ##$$a 1996 $b Surabaya =300 ##$$a 57 hlm, ilus, 21 cm =650 ##$$a Budidaya ikan =850 ##$$a NBPNMAT